| 000 | 00810nam a2200253 i 4500 | ||
|---|---|---|---|
| 001 | 180798 | ||
| 003 | ES-MaACL | ||
| 005 | 20250821102023.0 | ||
| 008 | 120713s1991 sp a |||| | spa d | ||
| 020 | _a84-7679-199-2 | ||
| 080 | _a75.036(460) | ||
| 100 | 1 |
_aGarcía de Carpi, Lucía Elena. _954410 |
|
| 245 | 1 | 3 |
_aLa pintura surrealista / _cpor Lucía García de Carpi. |
| 260 |
_aMadrid : _bHistoria Viva, _c[1991] |
||
| 300 |
_aVIII, 31 p. : _bil. col. y n. ; _c24 cm. |
||
| 490 | 1 |
_aCuadernos de arte español ; _v29 |
|
| 504 | _aBibliografía: p. 31. | ||
| 594 | _aEn cub.: Historia 16. | ||
| 650 | 7 |
_aPintura española- _yS.XX. _916042 |
|
| 650 | 7 |
_aSurrealismo (Arte) _917267 |
|
| 830 | 0 | 0 |
_aCuadernos de arte español _v29 _9191338 |
| 852 |
_aES-MaACL _j2314-F-5 |
||
| 999 |
_c180798 _d180798 |
||